Schaum's outline of theory and problems of applied physics

Kaydedildi:
Detaylı Bibliyografya
Yazar: Arthur Beiser
Materyal Türü: Kitap
Dil:Undetermined
Baskı/Yayın Bilgisi: New York McGraw-Hill 1995
Konular:
Etiketler: Etiketle
Etiket eklenmemiş, İlk siz ekleyin!
Thư viện lưu trữ: Trung tâm Học liệu Trường Đại học Cần Thơ
LEADER 00485nam a2200181Ia 4500
001 CTU_54716
008 210402s9999 xx 000 0 und d
020 |b 245000 
082 |a 530.076 
082 |b B423 
100 |a Arthur Beiser 
245 0 |a Schaum's outline of theory and problems of applied physics 
245 0 |c Arthur Beiser 
260 |a New York 
260 |b McGraw-Hill 
260 |c 1995 
650 |a physics 
980 |a Trung tâm Học liệu Trường Đại học Cần Thơ